Mercado interno y urbanización en el México colonial

Bibliographic Details
Main Author: Duhau, Emilio
Format: Section = Libro
Language:Undetermined
Spanish
Published: México Universidad Autónoma Metropolitana-Gernika 1988
Subjects:
LEADER 00564nam a2200193Ia 4500
008 240829s9999 xx 000 0 und d
020 |a 968-6642-70-6 
040 |a BIBLIOTECA-RUSB/ 711.4 D869 
041 |a spa 
082 |a 711.4 D869 
100 1 |a Duhau, Emilio 
245 1 0 |a Mercado interno y urbanización en el México colonial 
260 |a México  |b Universidad Autónoma Metropolitana-Gernika  |c 1988 
300 |a 306 p. :il. 
650 7 |a CIUDADESPLANES Y PLANIFICACION LOCALES-MEXICO 
650 7 |b  URBANISMO 
942 |c BK  |2 ddc 
991 |a TEXTO 
999 |c 4781